Orazioni panegiriche del P. Maestro Prospero Tonso dell'Ordine de' Predicatori. Precedunte da brevi notizie circa alcuni piu celebri oratori domenicani di lui contemporanei. Opera postuma

Detalles Bibliográficos
Autor principal: Tonso, Próspero
Otros Autores: Pio Saccheri, Girolamo (Revisador)
Formato: Libro
Lenguaje:Italian
Publicado: Roma 1866
Edición:Prima edizione romana per cura del P. Maestro Girolamo Pio Saccheri dello stesso ordine
Materias:
Colección:Banco de datos
Acervo:Biblioteca de la Congregación del Oratorio de San Felipe Neri de México. Iglesia La Profesa
Descripción Física:[1] h., XL p., [2] h., 283 p., [1] h. 21 cm.
Tema general:Homilética
Notas:Encuadernación en cartón con lomo en piel. Sello en tinta del Oratorio de San Felipe Neri de México. Biblioteca La Profesa, D.F.
LEADER 00993nam a22002050004500
035 |a 2881 
041 0 |a ita 
100 1 |a Tonso, Próspero 
245 1 0 |a Orazioni panegiriche del P. Maestro Prospero Tonso dell'Ordine de' Predicatori. Precedunte da brevi notizie circa alcuni piu celebri oratori domenicani di lui contemporanei. Opera postuma 
250 |a Prima edizione romana per cura del P. Maestro Girolamo Pio Saccheri dello stesso ordine 
260 |a Roma  |b tipografia Monaldi  |c 1866 
300 |a [1] h., XL p., [2] h., 283 p., [1] h.  |c 21 cm.  
500 |a Encuadernación en cartón con lomo en piel. Sello en tinta del Oratorio de San Felipe Neri de México. Biblioteca La Profesa, D.F. 
504 |a Índice de contenido 
650 1 0 |a Homilética 
700 1 |a Pio Saccheri, Girolamo  |e rev. 
949 |a Iglesia La Profesa, Biblioteca 6003 
942 |c PROFESA 
943 |g Biblioteca de la Congregación del Oratorio de San Felipe Neri de México. Iglesia La Profesa 
999 |c 949692  |d 949692